Physics for Engineering: (Record no. 592628)

000 -LEADER
fixed length control field 00997nam a22001697a 4500
003 - CONTROL NUMBER IDENTIFIER
control field NUST
005 - DATE AND TIME OF LATEST TRANSACTION
control field 20221208103912.0
008 - FIXED-LENGTH DATA ELEMENTS--GENERAL INFORMATION
fixed length control field 221208b ||||| |||| 00| 0 eng d
020 ## - INTERNATIONAL STANDARD BOOK NUMBER
International Standard Book Number 978-81-203-4849-3
082 ## - DEWEY DECIMAL CLASSIFICATION NUMBER
Classification number 530.23, VER
100 ## - MAIN ENTRY--PERSONAL NAME
Personal name Verma, N.K
9 (RLIN) 104427
245 ## - TITLE STATEMENT
Title Physics for Engineering:
Statement of responsibility, etc. N.K Verma
260 ## - PUBLICATION, DISTRIBUTION, ETC.
Place of publication, distribution, etc. India
Name of publisher, distributor, etc. PHI Press
Date of publication, distribution, etc. 2014
300 ## - PHYSICAL DESCRIPTION
Extent xxi, 573: pages
505 ## - FORMATTED CONTENTS NOTE
Formatted contents note Special Theory of Relativity (Page-1), Nuclear Physics (Page-35), Quantum Physics (Page-67), Elements of Crystallography (Page-123), Free Electronic Theory of Metals (Page-151), Magnetic Materials and Superconductivity (Page-167), Band Theory of Solids (Page-189), Semiconductors (Page-199), Dielectrics (Page-216), Nanophysics (Page-234), Electromagnetic Waves (Page-257), Interference (Page-304), Diffraction (Page-350), Polarisation (Page-387), Lasers (Page-423), Fiber Optics (Page-468), Ultrasonics (Page-488), Acoustics of Building (Page-505), Oscillations (Page-525).
942 ## - ADDED ENTRY ELEMENTS (KOHA)
Source of classification or shelving scheme
Koha item type Book
Holdings
Withdrawn status Lost status Source of classification or shelving scheme Damaged status Not for loan Permanent Location Current Location Shelving location Date acquired Total Checkouts Full call number Barcode Date last seen Date last checked out Price effective from Koha item type Public note
          Military College of Signals (MCS) Military College of Signals (MCS) General Stacks 12/08/2022 3 530.23, VER MCS37723 06/27/2025 06/12/2025 12/08/2022 Book Almirah No.16, Shelf No.1
© 2023 Central Library, National University of Sciences and Technology. All Rights Reserved.